000 00564nam a22002177a 4500
999 _c458807
_d458807
001 5150503
003 UA-OsUOA
005 20200409112034.0
008 200409b un ||||| |||| 00| 0 ukr d
040 _aUA-OsUOA
_bukr
_cUA-OsUOA
_dUA-OsUOA
041 _aukr
080 _a821.161.1
090 _a821.161.1
_bП31
100 _aПеэгль Ю
245 _aСвет в родном окне
_bроман
_cЮхан Пеэгль
260 _aМосква
_bИзвестия
_c1987
300 _a285 с.
650 _2821
942 _2udc
_cBK
955 _a3